[Event "GER-ch53 V10 email"]
[Site "GER email"]
[Date "2021.04.21"]
[Round "?"]
[White "Kregelin, Jan"]
[Black "Ochs, Manfred"]
[Result "1/2-1/2"]
[WhiteElo "2122"]
[BlackElo "2177"]
[PlyCount "31"]
[EventDate "2021.04.21"]
[EventType "tourn (corr)"]
[EventRounds "10"]
[EventCountry "GER"]
[SourceTitle "Corr 2024"]
[Source "ChessBase"]
[SourceDate "2023.10.19"]
[SourceVersion "1"]
[SourceVersionDate "2023.10.19"]
[SourceQuality "1"]

1. d4 Nf6 2. c4 e6 3. g3 d5 4. Bg2 Bb4+ 5. Bd2 Be7 6. Nf3 0-0 7. 0-0 c6 8. Qc2 Nbd7 9. Bf4 b6 10. cxd5 cxd5 11. Rc1 Bb7 12. Nc3 Rc8 13. Qd1 Nb8 14. Ne5 Nc6 15. Nxc6 Rxc6 16. Rc2 1/2-1/2

[Event "GER-ch52 V02 email"]
[Site "GER email"]
[Date "2020.04.16"]
[Round "?"]
[White "Ochs, Manfred"]
[Black "Frotscher, Thomas"]
[Result "1/2-1/2"]
[WhiteElo "2384"]
[BlackElo "2391"]
[PlyCount "53"]
[EventDate "2020.??.??"]
[EventType "tourn (corr)"]
[EventRounds "10"]
[EventCountry "GER"]
[SourceTitle "Corr 2022"]
[Source "ChessBase"]
[SourceDate "2021.10.24"]
[SourceVersion "1"]
[SourceVersionDate "2021.10.24"]
[SourceQuality "1"]

1. e4 e5 2. Nf3 Nc6 3. Bb5 a6 4. Ba4 Nf6 5. 0-0 Nxe4 6. d4 b5 7. Bb3 d5 8. dxe5 Be6 9. Nbd2 Nc5 10. c3 Be7 11. Bc2 d4 12. Nb3 d3 13. Bb1 Nxb3 14. axb3 Bf5 15. Be3 0-0 16. Bd4 Qd5 17. Re1 Rfd8 18. Bxd3 Bxd3 19. Qxd3 Qxb3 20. e6 fxe6 21. Qe4 Qc4 22. Qg4 Nxd4 23. Nxd4 Bf6 24. Qxe6+ Qxe6 25. Nxe6 Rd7 26. Rad1 Re7 27. f4 1/2-1/2